00321nam a2200133Ia 4500008004000000041000800040082001200048100001500060245003500075260003400110650001600144650001200160650001500172210210b1949 xxu||||| |||| 00| 0 eng d aeng a825/908 aWILLEY (B) aSeventeenth century background aLondonbChatto & Windusc1949 aSeventeenth acentury abackground